[Event "Berlin Spandau op"]
[Site "Berlin"]
[Date "2018.12.27"]
[Round "1"]
[White "Gericke, Luis"]
[Black "Neuman, Petr"]
[Result "0-1"]
[WhiteElo "1701"]
[BlackElo "2432"]
[PlyCount "81"]
[EventDate "2018.12.27"]
[EventType "swiss"]
[EventRounds "7"]
[EventCountry "GER"]
[SourceTitle "CBM 188 Extra"]
[Source "ChessBase"]
[SourceDate "2019.02.26"]
[SourceVersion "1"]
[SourceVersionDate "2019.02.26"]
[SourceQuality "1"]

1. d4 d6 2. e4 Nf6 3. Nc3 e5 4. dxe5 dxe5 5. Qxd8+ Kxd8 6. Bg5 Be6 7. Nf3 Nbd7 8. 0-0-0 Bd6 9. Bh4 h6 10. Bg3 Ke7 11. h3 c6 12. Be2 b5 13. Nd2 a5 14. f3 Nb6 15. Bf2 Nfd7 16. Nf1 b4 17. Nb1 Bxa2 18. Ne3 Be6 19. Nf5+ Bxf5 20. exf5 Bc5 21. Bh4+ f6 22. Nd2 a4 23. Ne4 a3 24. Nxc5 axb2+ 25. Kxb2 Nxc5 26. Bf2 Nba4+ 27. Kc1 Ra5 28. Bxc5+ Rxc5 29. Rd2 Nc3 30. Kb2 Ra8 31. Ra1 Rxa1 32. Kxa1 Rd5 33. Rxd5 cxd5 34. Ba6 Kd6 35. Kb2 Kc5 36. Kb3 e4 37. fxe4 dxe4 38. Kb2 e3 39. Kc1 Kd4 40. Bb7 Ke5 41. g4 0-1

[Event "GER-chT Lands U20"]
[Site "Hannover"]
[Date "2017.10.03"]
[Round "5.5"]
[White "Gericke, Luis"]
[Black "Leser, Katrin"]
[Result "0-1"]
[WhiteElo "1550"]
[BlackElo "1847"]
[PlyCount "84"]
[EventDate "2017.09.29"]
[EventType "team-swiss"]
[EventRounds "7"]
[EventCountry "GER"]
[SourceTitle "EXT 2018"]
[Source "ChessBase"]
[SourceDate "2017.10.13"]
[SourceVersion "1"]
[SourceVersionDate "2017.10.13"]
[SourceQuality "1"]
[WhiteTeam "Brandenburg U20"]
[BlackTeam "Wuerttemberg U20"]
[WhiteTeamCountry "GER"]
[BlackTeamCountry "GER"]

1. e4 e5 2. Nf3 Nc6 3. Bb5 a6 4. Bxc6 dxc6 5. 0-0 f6 6. d4 exd4 7. Nxd4 c5 8. Nb3 Qxd1 9. Rxd1 Bg4 10. f3 Bd7 11. Be3 b6 12. Nc3 0-0-0 13. a3 Bd6 14. Nd5 Be6 15. c4 Kb7 16. Nd2 Ne7 17. Bf2 c6 18. Nxe7 Bxe7 19. b3 Rd3 20. Kf1 Rhd8 21. Ke2 f5 22. Rab1 Bg5 23. Nf1 fxe4 24. Rxd3 exd3+ 25. Kd1 Bf5 26. Ng3 Bg6 27. Rb2 Re8 28. Nf1 h5 29. h4 Bf6 30. Ra2 Bd4 31. Bxd4 cxd4 32. Ng3 Re5 33. Nh1 b5 34. cxb5 axb5 35. Nf2 c5 36. Rd2 c4 37. bxc4 bxc4 38. Rb2+ Kc6 39. g4 c3 40. Ra2 c2+ 41. Kd2 Re2+ 42. Kc1 Re1+ 0-1

[Event "GER-chT Lands U20"]
[Site "Hannover"]
[Date "2017.10.01"]
[Round "2.5"]
[White "Muedder, Melanie"]
[Black "Gericke, Luis"]
[Result "1-0"]
[WhiteElo "1876"]
[BlackElo "1550"]
[PlyCount "56"]
[EventDate "2017.09.29"]
[EventType "team-swiss"]
[EventRounds "7"]
[EventCountry "GER"]
[SourceTitle "EXT 2018"]
[Source "ChessBase"]
[SourceDate "2017.10.13"]
[SourceVersion "1"]
[SourceVersionDate "2017.10.13"]
[SourceQuality "1"]
[WhiteTeam "Nordrhein Westfalen U20"]
[BlackTeam "Brandenburg U20"]
[WhiteTeamCountry "GER"]
[BlackTeamCountry "GER"]

1. e4 e5 2. Nf3 Nc6 3. d4 exd4 4. Nxd4 Qh4 5. Nc3 Bb4 6. Be2 Qxe4 7. Ndb5 Bxc3+ 8. bxc3 Kd8 9. 0-0 Nf6 10. Nd4 Nxd4 11. cxd4 d6 12. Rb1 c6 13. Ba3 Kc7 14. Bf3 Qf5 15. d5 Nxd5 16. c4 Be6 17. cxd5 Bxd5 18. Bxd5 Qxd5 19. Qxd5 cxd5 20. Rfc1+ Kd7 21. Rxb7+ Ke6 22. Re1+ Kf6 23. Ree7 Rhf8 24. Bxd6 Rac8 25. Rec7 Rce8 26. Kf1 d4 27. Bxf8 d3 28. Rd7 Rxf8 1-0

[Event "GER-ch U10"]
[Site "Willingen"]
[Date "2015.05.30"]
[Round "11"]
[White "Schauties, Nico Antonio"]
[Black "Gericke, Luis"]
[Result "1-0"]
[WhiteElo "1457"]
[BlackElo "1220"]
[PlyCount "155"]
[EventDate "2015.05.24"]
[EventType "swiss"]
[EventRounds "11"]
[EventCountry "GER"]
[SourceTitle "CBM 166 Extra"]
[Source "ChessBase"]
[SourceDate "2015.06.18"]
[SourceVersion "1"]
[SourceVersionDate "2015.06.18"]
[SourceQuality "1"]

1. d4 d5 2. c4 c6 3. Nc3 Nf6 4. Nf3 Bf5 5. Bf4 e6 6. e3 Nbd7 7. a3 Be7 8. Be2 0-0 9. 0-0 Ne4 10. Nd2 Bg5 11. Bxg5 Qxg5 12. f4 Qe7 13. Ncxe4 Bxe4 14. Nxe4 dxe4 15. b4 Kh8 16. Qc2 f5 17. Rfb1 Rg8 18. Bf1 g5 19. g3 gxf4 20. exf4 Qg7 21. Qd2 h5 22. Rb3 h4 23. Bg2 Qh6 24. Qf2 h3 25. Bf1 Rg7 26. Rc1 Rag8 27. Rcc3 Nf6 28. Be2 Ng4 29. Bxg4 Rxg4 30. a4 Rxf4 31. Qe2 Rfg4 32. Kf1 Qg6 33. Qf2 f4 34. b5 fxg3 35. Rxg3 Rxg3 36. Rxg3 Qh5 37. Qf6+ Kh7 38. Qe7+ Kh8 39. Rxg8+ Kxg8 40. Qxe6+ Qf7+ 41. Qxf7+ Kxf7 42. Ke2 Ke6 43. Ke3 Kf5 44. c5 a6 45. bxc6 bxc6 46. a5 Kf6 47. Kxe4 Ke6 48. Ke3 Kf5 49. Kf3 Ke6 50. Ke4 Kd7 51. d5 cxd5+ 52. Kxd5 Kc7 53. c6 Kc8 54. Kc4 Kd8 55. Kb4 Kc8 56. Kc5 Kc7 57. Kd5 Kc8 58. Ke5 Kc7 59. Kf4 Kxc6 60. Kg3 Kb5 61. Kxh3 Kxa5 62. Kg4 Kb4 63. h4 Ka3 64. h5 a5 65. h6 a4 66. h7 Ka2 67. h8Q a3 68. Qc3 Kb1 69. Qxa3 Kc2 70. Kf3 Kb1 71. Ke4 Kc2 72. Kd4 Kb1 73. Qh3 Ka2 74. Kc4 Kb2 75. Kb4 Ka2 76. Qg2+ Ka1 77. Kb3 Kb1 78. Qb2# 1-0

[Event "GER-chT U10"]
[Site "Magdeburg"]
[Date "2014.12.29"]
[Round "6.2"]
[White "Pflugradt, Natalie"]
[Black "Gericke, Luis"]
[Result "0-1"]
[WhiteElo "1025"]
[BlackElo "1361"]
[PlyCount "93"]
[EventDate "2014.12.27"]
[EventType "team-swiss"]
[EventRounds "7"]
[EventCountry "GER"]
[SourceTitle "EXT 2016"]
[Source "ChessBase"]
[SourceDate "2015.10.08"]
[SourceVersion "1"]
[SourceVersionDate "2015.10.08"]
[SourceQuality "1"]
[WhiteTeam "Stadtilm Blau Weiss"]
[BlackTeam "Potsdam Empor"]
[WhiteTeamCountry "GER"]
[BlackTeamCountry "GER"]

1. e4 e5 2. Nf3 Nc6 3. Bc4 Bc5 4. Nc3 Nf6 5. d3 h6 6. Be3 Bb6 7. Qd2 d6 8. h3 Bxe3 9. fxe3 0-0 10. 0-0 Na5 11. Bb3 Nxb3 12. axb3 Re8 13. Rad1 d5 14. exd5 Nxd5 15. e4 Nf6 16. Nh2 c5 17. Rf3 Nh5 18. Rdf1 Nf4 19. Ne2 Nxe2+ 20. Qxe2 f6 21. Rg3 Kh8 22. Qh5 Rg8 23. Ng4 Bxg4 24. Qxg4 Qc8 25. Qh5 Qd8 26. Qg4 Qc8 27. Qe2 Qd8 28. Kh1 a5 29. Qf3 b5 30. Qg4 a4 31. bxa4 bxa4 32. Ra1 Qd4 33. c3 Qf2 34. b3 a3 35. Qf3 Qb2 36. Qf1 Qxc3 37. Qb1 Rgb8 38. Qc1 Rxb3 39. Qxc3 Rxc3 40. Re3 a2 41. Ree1 Rxd3 42. Kg1 Rd2 43. Kf1 c4 44. g3 c3 45. g4 c2 46. Rec1 Rd1+ 47. Rxd1 0-1

[Event "GER-ch U10"]
[Site "Magdeburg"]
[Date "2014.06.14"]
[Round "11"]
[White "Gericke, Luis"]
[Black "Delere, Adrian"]
[Result "0-1"]
[WhiteElo "1161"]
[BlackElo "1447"]
[PlyCount "100"]
[EventDate "2014.06.08"]
[EventType "swiss"]
[EventRounds "11"]
[EventCountry "GER"]
[SourceTitle "CBM 160 Extra"]
[Source "ChessBase"]
[SourceDate "2014.07.01"]
[SourceVersion "1"]
[SourceVersionDate "2014.07.01"]
[SourceQuality "1"]

1. e4 e5 2. Nf3 Nc6 3. Bb5 a6 4. Bxc6 dxc6 5. 0-0 Qf6 6. Nc3 Bd7 7. d4 exd4 8. Qxd4 Qxd4 9. Nxd4 f6 10. Bf4 0-0-0 11. Rfe1 Ne7 12. Rad1 Ng6 13. Bd2 Bg4 14. Nf3 Ne5 15. Re3 Bc5 16. Re2 Nxf3+ 17. gxf3 Bxf3 18. Ree1 Bxd1 19. Rxd1 Rd7 20. Bf4 Rxd1+ 21. Nxd1 g5 22. Bg3 h5 23. h3 h4 24. Bh2 Rd8 25. Nc3 Rd2 26. Na4 Bxf2+ 27. Kf1 Rxc2 28. Nc3 Bd4 29. Ne2 Rxb2 30. Nxd4 Rxh2 31. Nf3 Rxh3 32. Kg2 Rxf3 33. Kxf3 h3 34. Kg3 g4 35. a3 Kd7 36. a4 b6 37. Kh2 Ke6 38. Kg3 Ke5 39. a5 Kxe4 40. axb6 cxb6 41. Kh2 a5 42. Kg3 a4 43. Kh2 a3 44. Kg3 a2 45. Kh2 a1Q 46. Kg3 Qe1+ 47. Kxg4 f5+ 48. Kxh3 Kf3 49. Kh2 Qg3+ 50. Kh1 Qg2# 0-1

[Event "GER-ch U10"]
[Site "Magdeburg"]
[Date "2014.06.13"]
[Round "9"]
[White "Gericke, Luis"]
[Black "Schnabel, Luise"]
[Result "1-0"]
[WhiteElo "1161"]
[BlackElo "1271"]
[PlyCount "125"]
[EventDate "2014.06.08"]
[EventType "swiss"]
[EventRounds "11"]
[EventCountry "GER"]
[SourceTitle "CBM 160 Extra"]
[Source "ChessBase"]
[SourceDate "2014.07.01"]
[SourceVersion "1"]
[SourceVersionDate "2014.07.01"]
[SourceQuality "1"]

1. e4 e5 2. Nf3 Nc6 3. Bb5 Nd4 4. Nxd4 exd4 5. 0-0 c6 6. Bc4 a5 7. a3 Be7 8. Qf3 f6 9. d3 b5 10. Ba2 d6 11. c3 dxc3 12. Nxc3 Bd7 13. Qd1 a4 14. b3 Qa5 15. Bd2 Qa6 16. Qc2 Nh6 17. Rfd1 Ng4 18. h3 Ne5 19. d4 axb3 20. Bxb3 Nc4 21. Bxc4 bxc4 22. Rdb1 0-0 23. d5 f5 24. dxc6 Qxc6 25. Nd5 Bf6 26. Nxf6+ Rxf6 27. Re1 fxe4 28. Qxe4 Qxe4 29. Rxe4 d5 30. Rd4 Be6 31. Rf4 Rxf4 32. Bxf4 d4 33. Be5 d3 34. Bc3 Kf7 35. Kh2 Rb8 36. Bb4 Kf6 37. f4 Kf5 38. Re1 Re8 39. Bd2 Bf7 40. g4+ Kg6 41. f5+ Kf6 42. Bc3+ Kg5 43. Kg3 h5 44. Bd2+ Kf6 45. Bc3+ Kg5 46. h4+ Kh6 47. g5+ Kh7 48. g6+ Kg8 49. gxf7+ Kxf7 50. Rxe8 Kxe8 51. a4 Kd7 52. Kf4 Kd6 53. Kg5 Kd5 54. Kg6 Ke4 55. Kxg7 Ke3 56. f6 d2 57. Bxd2+ Kxd2 58. f7 c3 59. f8Q c2 60. Qf4+ Kd1 61. a5 c1Q 62. Qxc1+ Kxc1 63. a6 1-0

[Event "GER-ch U10"]
[Site "Magdeburg"]
[Date "2014.06.11"]
[Round "6"]
[White "Musiolik, David"]
[Black "Gericke, Luis"]
[Result "1-0"]
[WhiteElo "1435"]
[BlackElo "1161"]
[PlyCount "120"]
[EventDate "2014.06.08"]
[EventType "swiss"]
[EventRounds "11"]
[EventCountry "GER"]
[SourceTitle "CBM 160 Extra"]
[Source "ChessBase"]
[SourceDate "2014.07.01"]
[SourceVersion "1"]
[SourceVersionDate "2014.07.01"]
[SourceQuality "1"]

1. d4 d5 2. e3 Nf6 3. Nf3 Bf5 4. Nbd2 c6 5. b3 e6 6. Bb2 Bd6 7. Be2 0-0 8. 0-0 Qc7 9. h3 Nbd7 10. Nh4 Bg6 11. Nxg6 hxg6 12. c4 dxc4 13. Nxc4 Be7 14. Rc1 Rac8 15. Bf3 c5 16. Qe2 cxd4 17. Bxd4 Qb8 18. Qb2 b5 19. Na5 Rxc1 20. Rxc1 a6 21. Bb7 Bb4 22. Nc6 Qxb7 23. Nxb4 Rc8 24. Rxc8+ Qxc8 25. Qc3 Qxc3 26. Bxc3 Ne4 27. Be1 Ndc5 28. f3 Nd6 29. Bg3 Nf5 30. Bf4 a5 31. Nc6 a4 32. g4 Nh6 33. Bd6 axb3 34. axb3 Nxb3 35. Ne7+ Kh7 36. Nc6 f5 37. Na7 fxg4 38. fxg4 Nd2 39. Nxb5 Nc4 40. Bc5 Ne5 41. Nc7 Nd7 42. Nxe6 Nxc5 43. Nxc5 g5 44. Kf2 Kg6 45. Kf3 Kf6 46. Ke4 Nf7 47. Kd5 Ke7 48. Ne6 Kf6 49. e4 g6 50. e5+ Nxe5 51. Nxg5 Kxg5 52. Kxe5 Kh4 53. Kf6 Kxh3 54. g5 Kg4 55. Kxg6 Kh4 56. Kh6 Kg4 57. g6 Kf5 58. g7 Kf6 59. g8Q Kf5 60. Qe8 Kf4 1-0

[Event "GER-ch U10"]
[Site "Magdeburg"]
[Date "2014.06.08"]
[Round "2"]
[White "Kiesel, Lara"]
[Black "Gericke, Luis"]
[Result "0-1"]
[WhiteElo "893"]
[BlackElo "1161"]
[PlyCount "93"]
[EventDate "2014.06.08"]
[EventType "swiss"]
[EventRounds "11"]
[EventCountry "GER"]
[SourceTitle "CBM 160 Extra"]
[Source "ChessBase"]
[SourceDate "2014.07.01"]
[SourceVersion "1"]
[SourceVersionDate "2014.07.01"]
[SourceQuality "1"]

1. e4 e5 2. Nf3 Nc6 3. Bb5 a6 4. Bxc6 dxc6 5. 0-0 Bd6 6. d4 exd4 7. Nxd4 Nf6 8. Nc3 0-0 9. Bg5 Re8 10. h3 h6 11. Bh4 Bd7 12. Qd2 c5 13. Nf3 Bc6 14. Rfe1 b6 15. e5 Bxf3 16. Bxf6 gxf6 17. exd6 Rxe1+ 18. Rxe1 Bc6 19. Rd1 Kg7 20. g4 Qd7 21. dxc7 Qxc7 22. f4 Re8 23. Ne2 Ba8 24. Qd7 Qxd7 25. Rxd7 Rxe2 26. Ra7 Rg2+ 27. Kf1 Bd5 28. Rxa6 Rxc2 29. Rxb6 Bc4+ 30. Ke1 Rh2 31. Rc6 Rxh3 32. Rxc5 Bxa2 33. Ra5 Bc4 34. Ra4 Bd5 35. Rd4 Bf3 36. b4 Bxg4 37. b5 Rh1+ 38. Kf2 Rb1 39. Rd5 h5 40. Kg3 Rg1+ 41. Kf2 Rh1 42. b6 Rb1 43. Rd6 h4 44. Kg2 Rb2+ 45. Kh1 Bf3+ 46. Kg1 h3 47. Rd3 0-1